MARC details
| 000 -LEADER |
| campo de control de longitud fija |
01566nam a2200397 i 4500 |
| 001 - NÚMERO DE CONTROL |
| campo de control |
15659 |
| 003 - IDENTIFICADOR DE NÚMERO DE CONTROL |
| campo de control |
ES-MaACL |
| 005 - FECHA Y HORA DE LA ÚLTIMA TRANSACCIÓN |
| campo de control |
20250803063031.0 |
| 007 - CAMPO FIJO DE DESCRIPCIÓN FÍSICA--INFORMACIÓN GENERAL |
| campo de control de longitud fija |
t| |
| 008 - DATOS DE LONGITUD FIJA--INFORMACIÓN GENERAL |
| campo de control de longitud fija |
000504s1991 sp ||||1| spa d |
| 017 ## - NÚMERO DE COPYRIGHT O DE DEPÓSITO LEGAL |
| Número de copyright o de depósito legal |
M 37689-1991 |
| Agencia que asigna |
Oficina Depósito Legal Madrid |
| 020 ## - NÚMERO INTERNACIONAL ESTÁNDAR DEL LIBRO |
| Número Internacional Estándar del Libro |
84-7100-215-9 |
| 080 ## - NÚMERO DE LA CLASIFICACIÓN DECIMAL UNIVERSAL |
| Número de la Clasificación Decimal Universal |
008(460.28:7/8) |
| 080 ## - NÚMERO DE LA CLASIFICACIÓN DECIMAL UNIVERSAL |
| Número de la Clasificación Decimal Universal |
325.2/.4(8=134.2)"14/15" |
| 100 1# - ENTRADA PRINCIPAL--NOMBRE DE PERSONA |
| Nombre de persona |
Hernández Sánchez-Barba, Mario, |
| Fechas asociadas al nombre |
1925-2021 |
| Término indicativo de función/relación |
Autor |
| 9 (RLIN) |
63053 |
| 245 10 - MENCIÓN DEL TÍTULO |
| Título |
Castilla y América / |
| Mención de responsabilidad, etc. |
Mario Hernández Sánchez-Barba |
| 260 ## - PUBLICACIÓN, DISTRIBUCIÓN, ETC. |
| Lugar de publicación, distribución, etc. |
Madrid : |
| Nombre del editor, distribuidor, etc. |
MAPFRE, |
| Fecha de publicación, distribución, etc. |
[1991] |
| 300 ## - DESCRIPCIÓN FÍSICA |
| Extensión |
361 páginas ; |
| Dimensiones |
23 cm |
| 490 1# - MENCIÓN DE SERIE |
| Mención de serie |
Colección Las Españas y América |
| Designación de volumen o secuencia |
1 |
| RLIN |
179142 |
| 490 1# - MENCIÓN DE SERIE |
| Mención de serie |
Colecciones MAPFRE 1492 |
| RLIN |
241455 |
| 500 ## - NOTA GENERAL |
| Nota general |
Índices |
| 504 ## - NOTA DE BIBLIOGRAFÍA, ETC. |
| Nota de bibliografía, etc. |
Bibliografía: páginas [341]-346 |
| 505 0# - NOTA DE CONTENIDO CON FORMATO |
| Nota de contenido con formato |
Castilla como sujeto histórico; Aproximación al número de la castellanidad en América; Las estructuras; Las mentalidades |
| 530 ## - NOTA DISPONIBLE DE FORMULARIO FÍSICO ADICIONAL |
| Nota de formato físico adicional disponible |
Disponible en formato digital |
| 651 #4 - PUNTO DE ACCESO ADICIONAL DE MATERIA--NOMBRE GEOGRÁFICO |
| Nombre geográfico |
Castilla- |
| Subdivisión general |
Relaciones- |
| Subdivisión geográfica |
América |
| 9 (RLIN) |
171079 |
| 651 #4 - PUNTO DE ACCESO ADICIONAL DE MATERIA--NOMBRE GEOGRÁFICO |
| Nombre geográfico |
América española- |
| Subdivisión general |
Colonización |
| 9 (RLIN) |
7721 |
| 710 2# - ENTRADA AGREGADA--NOMBRE DE ENTIDAD CORPORATIVA |
| Nombre de entidad corporativa o nombre de jurisdicción como elemento de entrada |
Fundación MAPFRE América |
| Término indicativo de función/relación |
entidad responsable |
| 9 (RLIN) |
4363 |
| 710 2# - ENTRADA AGREGADA--NOMBRE DE ENTIDAD CORPORATIVA |
| Nombre de entidad corporativa o nombre de jurisdicción como elemento de entrada |
Fundación MAPFRE |
| Término indicativo de función/relación |
Editor |
| 9 (RLIN) |
4362 |
| 830 10 - PUNTO DE ACCESO ADICIONAL DE SERIE-TÍTULO UNIFORME |
| Título uniforme |
Colección Las Españas y América |
| Designación de volumen o secuencia |
1 |
| 9 (RLIN) |
179142 |
| 830 10 - PUNTO DE ACCESO ADICIONAL DE SERIE-TÍTULO UNIFORME |
| Título uniforme |
Colecciones MAPFRE 1492 |
| 9 (RLIN) |
241455 |
| 852 ## - LOCALIZACIÓN |
| Ubicación |
ES-MaACL |
| Ubicación en estantería |
Depósito 2 |
| Número de control de estantería |
L-23016 |
| 856 ## - LOCALIZACIÓN Y ACCESO ELECTRÓNICOS |
| Identificador Uniforme de Recursos |
<a href="https://archive.org/details/hernandez-m.-castilla-y-america-1992/mode/2up">https://archive.org/details/hernandez-m.-castilla-y-america-1992/mode/2up</a> |
| Texto de enlace |
Versión en línea |
| Nota pública |
(Internet Archive) |
| 942 ## - ELEMENTOS DE ENTRADA SECUNDARIOS (KOHA) |
| Fuente del sistema de clasificación o colocación |
Clasificación decimal universal |
| Tipo de ítem Koha |
Libro impreso |
| Suprimir en OPAC |
No |